Философия: учебное пособие

Bibliographische Detailangaben
1. Verfasser: Вечканов В. Э.
Weitere Verfasser: Лучков Н. А.
Zusammenfassung:В учебном пособии в краткой и доступной форме рассмотрены все основные вопросы, предусмотренные государственным образовательным стандартом и учебной программой по дисциплине «Философия». Книга позволит быстро получить основные знания по пред­мету, а также качественно подготовиться к зачету и экзамену. Рекомендуется всем изучающим философию.
Sprache:Russisch
Veröffentlicht: Москва, РИОР, 2016
Ausgabe:2-е изд.
Schriftenreihe:Высшее образование - Бакалавриат
Schlagworte:
Format: Buch
KOHA link:https://koha.lib.tpu.ru/cgi-bin/koha/opac-detail.pl?biblionumber=304058

MARC

LEADER 00000nam0a2200000 4500
001 304058
005 20231102001650.0
010 |a 9785369010709 
010 |a 978-5-16-005683-8 
035 |a (RuTPU)RU\TPU\book\329293 
090 |a 304058 
100 |a 20150909d2016 m y0rusy50 ca 
101 0 |a rus 
102 |a RU 
105 |a y j 000zy 
200 1 |a Философия  |e учебное пособие  |f В. Э. Вечканов, Н. А. Лучков 
205 |a 2-е изд. 
210 |a Москва  |c РИОР  |c Инфра-М  |d 2016 
215 |a 136 с. 
225 1 |a Высшее образование - Бакалавриат 
330 |a В учебном пособии в краткой и доступной форме рассмотрены все основные вопросы, предусмотренные государственным образовательным стандартом и учебной программой по дисциплине «Философия». Книга позволит быстро получить основные знания по пред­мету, а также качественно подготовиться к зачету и экзамену. Рекомендуется всем изучающим философию. 
600 1 |a Шопенгауэр  |b А.  |c немецкий философ  |f 1788-1860  |g Артур  |2 stltpush  |3 (RuTPU)RU\TPU\pers\470  |9 227 
600 1 |a Маркс  |g Карл  |b К.  |c немецкий мыслитель  |c общественный деятель  |c основоположник марксизма  |f 1818-1883  |2 stltpush  |3 (RuTPU)RU\TPU\pers\297 
600 1 |a Кьеркегор (Киркегор)  |g Серен  |b С.  |c датский философ  |c богослов  |f 1813-1855  |c писатель  |2 stltpush  |3 (RuTPU)RU\TPU\pers\251 
600 1 |a Ницше  |b Ф.  |c немецкий философ  |f 1844-1900  |g Фридрих  |2 stltpush  |3 (RuTPU)RU\TPU\pers\341  |9 167 
600 1 |a Рассел  |g Бертран  |b Б.  |c английский философ  |c логик  |c математик  |c общественный деятель  |f 1872-1970  |2 stltpush  |3 (RuTPU)RU\TPU\pers\1589 
600 1 |a Мур  |b Дж. Э.  |c английский философ  |f 1873-1958  |g Джордж Эдвард  |2 stltpush  |3 (RuTPU)RU\TPU\pers\14345  |9 4738 
600 1 |a Витгенштейн  |g Людвиг  |b Л.  |c австрийский философ и логик  |f 1889-1951  |2 stltpush  |3 (RuTPU)RU\TPU\pers\1437 
600 1 |a Хайдеггер  |b М.  |c немецкий философ  |f 1889-1976  |g Мартин  |c один из основоположников экзистенциализма  |2 stltpush  |3 (RuTPU)RU\TPU\pers\486 
600 1 |a Ясперс  |b К.  |c немецкий философ  |f 1883-1969  |g Карл  |c психиатр  |c представитель религиозного экзистенциализма  |2 stltpush  |3 (RuTPU)RU\TPU\pers\545 
600 1 |a Сартр  |g Жан Поль  |b Ж. П.  |c французский писатель  |c философ  |c публицист  |f 1905-1980  |2 stltpush  |3 (RuTPU)RU\TPU\pers\1274 
606 1 |a Философия  |2 stltpush  |3 (RuTPU)RU\TPU\subj\63880  |9 80812 
610 1 |a история 
610 1 |a Индия 
610 1 |a Китай 
610 1 |a Греция 
610 1 |a античная философия 
610 1 |a Средневековье 
610 1 |a Возрождение 
610 1 |a Новое время 
610 1 |a Просвещение 
610 1 |a классическая немецкая философия 
610 1 |a марксизм 
610 1 |a иррациональность 
610 1 |a позитивизм 
610 1 |a прагматизм 
610 1 |a аналитическая философия 
610 1 |a герменевтика 
610 1 |a структурализм 
610 1 |a экзистенциализм 
610 1 |a русские философы 
610 1 |a русская философия 
610 1 |a бытие 
610 1 |a природа 
610 1 |a познание 
610 1 |a наука 
610 1 |a техника 
610 1 |a глобализация 
610 1 |a человек 
610 1 |a духовность 
610 1 |a учебные пособия 
686 |a Ю0/3я73  |v LBC/SL-A  |2 rubbk 
700 1 |a Вечканов  |b В. Э. 
701 1 |a Лучков  |b Н. А. 
801 1 |a RU  |b 63413507  |c 20150909 
801 2 |a RU  |b 63413507  |c 20151204  |g RCR 
900 |a Философия 
942 |c BK 
959 |a 109/20150904  |d 2  |e 69,90  |f ЧЗГЛ:1